| 000 | 00000nas 2200000za 4500 |
| 001 | 9.826793 |
| 003 | CaOODSP |
| 005 | 20221107144649 |
| 007 | cr ||||||||||| |
| 008 | 161102d19841984oncar p oss f0###a0eng|d |
| 022 | |y0828-9786 |
| 040 | |aCaOODSP|beng |
| 041 | |aeng|afre |
| 043 | |an-cn--- |
| 086 | 1 |aCS41-214-PDF |
| 245 | 00|aNon-ferrous metal smelting and refining industries |h[electronic resource] = |bIndustries de la fonte et de l'affinage des métaux non ferreux. |
| 246 | 11|aIndustries de la fonte et de l'affinage des métaux non ferreux |
| 260 | |aOttawa : |bStatistics Canada, Industry Division, Census of Manufactures Section = Statistique Canada, Division de l'industrie, Section du recensement des manufactures, |c1986. |
| 310 | |aAnnual |
| 362 | 0 |a1984. |
| 490 | 0 |aAnnual census of manufactures = Recensement annuel des manufactures |
| 500 | |aDigitized edition from print [produced by Statistics Canada]. |
| 520 | |aPrincipal statistics of the non-ferrous metallurgical industries, including number of companies, number of plants, employees and salaries, value of products and operating costs. |
| 546 | |aText in English and French. |
| 580 | |aMerged with: Non-ferrous metal rolling, casting and extruding industries; and, Primary steel, steel pipe and tube industries and iron founderies [i.e. foundries], to become: Primary metal industries (Ottawa, Ont.). |
| 692 | 07|2gccst|aMetalworking industry |
| 692 | 07|2gccst|aStatistics |
| 710 | 1 |aCanada. |bStatistics Canada. |bCensus of Manufactures Section. |
| 780 | 00|tSmelting and refining |w(CaOODSP)9.826783 |
| 785 | 00|tPrimary metal industries |w(CaOODSP)9.827908 |
| 792 | |tNon-ferrous metal smelting and refining industries |efre|w(CaOODSP)9.826796 |